| 000 | 03961cam a22005895i 4500 | ||
|---|---|---|---|
| 001 | data | ||
| 005 | 20260322212118.0 | ||
| 006 | data | ||
| 007 | data | ||
| 008 | data | ||
| 035 | _a21739410 | ||
| 906 |
_a0 _bibc _corigres _du _encip _f20 _gy-gencatlg |
||
| 925 | 0 |
_aacquire _epcnspringer _xpolicy default |
|
| 010 | _a 2019757036 | ||
| 020 | _a9783319308562 | ||
| 024 | 7 |
_a10.1007/978-3-319-30856-2 _2doi |
|
| 035 | _a(DE-He213)978-3-319-30856-2 | ||
| 040 |
_aDLC _beng _erda _erda _cDLC |
||
| 072 | 7 |
_aPDX _2thema |
|
| 072 | 7 |
_aPN _2bicssc |
|
| 072 | 7 |
_aPN _2thema |
|
| 072 | 7 |
_aSCI013000 _2bisacsh |
|
| 082 | 0 | 4 |
_a540.9 _223 |
| 097 | 0 | 0 | _aQD11-18 |
| 100 | 1 |
_aFontani, Marco, _eauthor. |
|
| 245 | 1 | 0 |
_aChemistry and Chemists in Florence : _bFrom the Last of the Medici Family to the European Magnetic Resonance Center / _cby Marco Fontani, Mary Virginia Orna, Mariagrazia Costa. |
| 250 | _a1st ed. 2016. | ||
| 264 | 1 |
_aCham : _bImprint: Springer, _bImprint: Springer, _c2016. |
|
| 300 | _a1 online resource (XI, 123 pages 30 illustrations, 11 illustrations in color.) | ||
| 336 |
_atext _btxt _2rdacontent |
||
| 337 |
_acomputer _bc _2rdamedia |
||
| 338 |
_aonline resource _bcr _2rdacarrier |
||
| 347 |
_atext file _bPDF _2rda |
||
| 490 | 1 |
_aSpringerBriefs in History of Chemistry, _x2212-991X |
|
| 505 | 0 | _aHistorical Background -- Scientists and Naturalists from the Time of the Last of the Medici Family (1694) to the Period of the Museum of Physics and Natural History (1775-1807) -- Chemists in the Period of the Lyceum of Physical and Natural Studies (1807-1859) -- Chemists in the Period of the Institute of Higher Practical Studies and Specialization (1859-1924) -- Chemists in the Period of the Royal University of Florence (1924-1946) -- Chemists in the Period of the University of Florence (1946-2000) -- Conclusion. | |
| 520 | _aThis brief offers a novel vision of the city of Florence, tracing the development of chemistry via the biographies of its most illustrious chemists. It documents not only important scientific research that came from the hands of Galileo Galilei and the physicists who followed in his footsteps, but also the growth of new disciplines such as chemistry, pharmaceutical chemistry, and biochemistry. It recounts how, in the Middle Ages, chemistry began as an applied science that served to bolster the Florentine economy, particularly in the textile dyeing industry. Later, important scientific collections founded by the ruling Medici family served as the basis of renowned museums that now house priceless artifacts and instruments. Also described in this text are the chemists such as Hugo Schiff, Angelo Angeli, and Luigi Rolla, who were active over the course of the following century and a quarter. The authors tell the story of the evolution of the Royal University of Florence, which ultimately became the University of Florence. Of interest to historians and chemists, this tale is told through the lives and work of the principal actors in the university's department of chemistry. | ||
| 588 | _aDescription based on publisher-supplied MARC data. | ||
| 650 | 0 |
_aChemistry _xHistory. |
|
| 650 | 0 | _aHistory. | |
| 650 | 1 | 4 |
_aHistory of Chemistry. _0https://scigraph.springernature.com/ontologies/product-market-codes/C34000 |
| 650 | 2 | 4 |
_aHistory of Italy. _0https://scigraph.springernature.com/ontologies/product-market-codes/717050 |
| 650 | 2 | 4 |
_aHistory of Science. _0https://scigraph.springernature.com/ontologies/product-market-codes/731000 |
| 651 | 0 |
_aItaly _xHistory. |
|
| 700 | 1 |
_aCosta, Mariagrazia, _eauthor. |
|
| 700 | 1 |
_aOrna, Mary Virginia, _eauthor. |
|
| 776 | 0 | 8 |
_iPrint version: _tChemistry and chemists in Florence. _z9783319308548 _w(DLC) 2016935388 |
| 776 | 0 | 8 |
_iPrinted edition: _z9783319308548 |
| 776 | 0 | 8 |
_iPrinted edition: _z9783319308555 |
| 830 | 0 |
_aSpringerBriefs in History of Chemistry, _x2212-991X |
|
| 985 | _aspringerpcn | ||
| 991 |
_as-Online _hElectronic Resource |
||
| 999 |
_c1788 _d1788 |
||